Dance moms:Season 2.5 dances Quiz Stats

Quiz not verified by Sporcle

Challenge
Share
Tweet
Embed
Score 0/54 Timer 15:00
0 Plays Today
Episode Dance % Correct
Maddie has a secretLooking for a place called home
76.6%
Night of the Living DancersGlam
76.1%
Maddie has a secretCry
75%
Nationals 90210The Last Text
70.2%
I Know What You Did Last CompetitionDaisy Chains
69.1%
Maddie has a secretThe huntress
67%
Night of the Living DancersIn my heart
65.4%
I Know What You Did Last CompetitionInside of me
64.4%
Nationals 90210Diary of Anne Frank
63.8%
Nationals 90210Silence
63.8%
The Battle beginsI want it now
63.3%
The Battle BeginsGirls in the house
63.3%
Nationals 90210Killer bee
63.3%
The recital to end all recitalsTrapped
63%
I Know What You Did Last CompetitionSilver spoon
61.2%
Solo FeverKiss Kiss
61.2%
Night of the Living DancersCircus circus
60.6%
Solo FeverFly
58%
Solo FeverGhost
57.4%
Solo FeverCity of angels
56.9%
Guess Who's Back?Twilight
55.3%
The Battle BeginsKeep Burning
54.3%
The Battle BeginsIf the shoe fits
54.3%
Night of the Living DancersUnchained
54.3%
Guess Who's Back?Workin' girl
54.3%
I Know What You Did Last CompetitionHelen Keller
52.7%
Nationals 90210Telling myself
52.7%
Episode Dance % Correct
New Girl In TownI see the kite flying
52.1%
Maddie has a secretWhat goes around
51.1%
Guess Who's Back?Creme de la creme
51.1%
I Know What You Did Last CompetitionBound
50.5%
Break a LegChasing Answers
50.5%
Break a LegAlouette
50%
The recital to end all recitalsLight my fire
49.5%
How Do You Like Them Apples?Tongue Twister
48.9%
How Do You Like Them Apples?Angry bird
48.9%
Solo FeverPiece of my heart
47.3%
Guess Who's Back?I can't find the words
45.7%
Solo FeverI like the 60s
45.7%
New Girl In TownHollywood
45.2%
Worst Birthday Party Ever!All kids go
42.6%
Solo FeverIt's a perfect day for fun
42%
Worst Birthday Party EverTrouble
41.5%
How Do You Like Them Apples?Land unforgiving
40.4%
New Girl In TownGlitz and glamour
40.4%
Revenge of the Candy ApplesTaken
39.9%
New Girl In Town20s scat
39.9%
Break a LegU kno U luv it
38.8%
Revenge of the Candy ApplesLeave the light on
38.3%
Revenge of the Candy ApplesReservation for two
37.2%
Worst Birthday Party EverMom,It'll never be the same
36.7%
Worst Birthday Party EverEternally
35.6%
Worst Birthday Party EverNothing's gonna stop us
35.6%
Break a LegThis is me over you
33%

You're not logged in!

Compare scores with friends on all Sporcle quizzes.
Sign Up with Email
OR
Log In

You Might Also Like...

Show Comments

Extras

Top Quizzes Today


Score Distribution

Your Account Isn't Verified!

In order to create a playlist on Sporcle, you need to verify the email address you used during registration. Go to your Sporcle Settings to finish the process.

Report this User

Report this user for behavior that violates our Community Guidelines.

Details: